000 01327nam a2200265 i 4500
001 27353
003 ES-MaACL
005 20251215144032.0
007 t|
008 030114m19251935sp ||||1| spa d
100 1 _aAranzadi, Telesforo de,
_d1860-1945
_922335
245 1 0 _aExploraciones de la Caverna de Santimamiñe /
_cpor Telesforo de Aranzadi, José Miguel de Barandiarán y Enrique de Eguren.
260 _aBilbao :
_b[s.n.,
_c1925-1935] (
_fArtes Gráf. Grijelmo)
300 _a3 v. :
_blám., gráf. pleg., il. ;
_c27 cm.
505 8 _aContiene: I. 1ª Memoria: Figuras rupestres (50 p., 12 lám.) - II. 2ª Memoria: Los niveles con cerámica y el conchero (114 p., 41 lám.) - III. 3ª Memoria: Yacimientos azilienses y paleolíticos. Exploraciones en la caverna humentxa (Lequeitio) (135 p., 45 lám.)
530 _aDisponible en formato digital el v. I.
650 4 _aExcavaciones arqueológicas-
_zVizcaya.
_9172803
651 4 _aCueva de Santimamiñe (Vizcaya)
_9163753
700 1 _aBarandiarán, José Miguel de,
_d1889-1991
_925311
700 1 _aEguren, Enrique de.
_946769
852 _aES-MaACL
_jC-7087-89
_cSPAL
856 _uhttps://www.bilbao.eus/bld/imagenesbld/00009832/000/00009832.pdf?rd=003123534540995206
_yBilboko Liburutegi Digitala
942 _2udc
999 _c27353
_d27353